000 00291nam a2200121Ia 4500
008 191201s2005 xx 000 0 und d
100 _aSANDFORD, JOHN
245 0 _aWinter Prey
260 _aUnited kingdom
_bCoxswyman ltd
_c2005
300 _a343
650 _aGeneral Books
942 _2ddc
_cBK
999 _c4383
_d4383